| 000 | 00730nam a2200229 u 4500 | ||
|---|---|---|---|
| 001 | 63280 | ||
| 005 | 20230523150741.0 | ||
| 008 | 150718s1993 mx r 000 0 spa d | ||
| 020 | _a9682318238 | ||
| 041 | 1 | _aspa-fre | |
| 082 | _a320.94 | ||
| 100 | 1 |
_aMichnik, Adam _d1946- _eautor _93171 |
|
| 245 | 1 | 3 |
_aLa segunda revolución / _cTextos compilados y presentados por Agnieszka Grudzinska y Georges Mink. Traducción de Rosa Ana Domínguez Cruz. |
| 250 | _aPrimera edición | ||
| 264 |
_aMéxico : _bSiglo Veintiuno _c1993 |
||
| 300 |
_a204 Páginas ; _c21 cm. |
||
| 336 |
_atexto _2rdacontent |
||
| 337 |
_asin mediación _2rdamedia |
||
| 338 |
_avolumen _2rdacarrier |
||
| 490 | 1 | _asociología y política | |
| 650 | 0 | _aEuropa | |
| 999 |
_c63280 _d63280 |
||